| 000 | 00774nam a2200241Ia 4500 | ||
|---|---|---|---|
| 008 | 191130s2000##################000#0#eng## | ||
| 020 | _a9780712673327 | ||
| 040 |
_aACL _cACL |
||
| 082 | _a190 TAR | ||
| 100 | _aTarnas, Richard | ||
| 245 |
_aThe passion of the western mind : understanding the ideas that have shaped our world view _cRichard Tarnas |
||
| 250 | _aReprint | ||
| 260 |
_aLondon _bPIMLICO _c2000 |
||
| 300 | _axii, 544 p. ; 23 cm | ||
| 500 | _aIncludes bibliographical references (p.[494]-512) and index | ||
| 650 | _aCivilization, Western | ||
| 650 | _aConsciousness -- History | ||
| 650 | _aPhilosophy -- History | ||
| 650 | _aReligion and science -- History | ||
| 990 | _aabe76cc0ac10000c0605897b326a9e1a | ||
| 991 | _a61045 | ||
| 999 |
_c62988 _d62988 |
||